[Event "9. LGA Premium Cup 2012"]
[Site "Nürnberg"]
[Date "2012.09.07"]
[Round "3.12"]
[White "Hilverda, Alexander"]
[Black "Graf, Felix"]
[Result "0-1"]
[WhiteElo "2333"]
[BlackElo "2449"]
[PlyCount "132"]
[EventDate "2012.??.??"]
[WhiteTeam "SC Erlangen 48/88 e.V."]
[BlackTeam "FC Bayern München e.V."]

1. d4 e6 2. c4 Bb4+ 3. Nd2 d5 4. Ngf3 Nf6 5. g3 dxc4 6. Qa4+ Nc6 7. a3 Bxd2+ 8.
Bxd2 Qd5 9. Bf4 O-O 10. Rd1 Bd7 11. Qc2 Qa5+ 12. Bd2 Qd5 13. Bf4 Rac8 14. Bg2
Qa5+ 15. Bd2 Qa6 16. O-O Ne7 17. Rc1 Ba4 18. Qb1 Bc6 19. Qc2 Ba4 20. Qb1 Bc6
21. Bb4 Rfe8 22. Qc2 Ned5 23. Bd2 Nb6 24. Bg5 Be4 25. Qd2 Nbd5 26. Bxf6 Nxf6
27. Qb4 c3 28. bxc3 Qxe2 29. Rfe1 Qa6 30. Bf1 Qd6 31. Nd2 Bc6 32. Re5 b6 33.
Nc4 Qe7 34. Qb1 Ng4 35. Re2 Bd5 36. Rb2 c5 37. h3 cxd4 38. cxd4 Nf6 39. Bd3 Rc7
40. a4 Rec8 41. Rbc2 g6 42. Qb5 Bc6 43. Qb3 Ba8 44. Ne5 Rxc2 45. Rxc2 Rxc2 46.
Qxc2 Kg7 47. Kf1 Qd8 48. Qc4 Bb7 49. Ke2 Qd6 50. Kf1 Nd7 51. Ng4 Bf3 52. Qc3
Bxg4 53. hxg4 Nf6 54. Be2 Nd5 55. Qc4 Qa3 56. Kg2 Qb2 57. Qd3 Qb4 58. Qc4 Qd2
59. Qd3 Qxd3 60. Bxd3 Nc3 61. Bc2 Ne2 62. d5 exd5 63. Bb3 Nc3 64. f4 f6 65. Kf3
d4 66. g5 h6 0-1

[Event "9. LGA Premium Cup 2012"]
[Site "Nürnberg"]
[Date "2012.09.07"]
[Round "3.13"]
[White "Höfelsauer, Thomas"]
[Black "Mainka, Romuald"]
[Result "1/2-1/2"]
[WhiteElo "2217"]
[BlackElo "2457"]
[PlyCount "89"]
[EventDate "2012.??.??"]
[WhiteTeam "Schachklub München Südost e.V."]
[BlackTeam "Schachclub Hansa Dortmund e.V."]

1. d4 f5 2. Nf3 d6 3. g3 Nf6 4. Bg2 g6 5. O-O Bg7 6. b3 O-O 7. Bb2 Qe8 8. c4
Na6 9. Re1 h6 10. Nbd2 g5 11. e4 fxe4 12. Nxe4 Qh5 13. Nfd2 Bg4 14. f3 Bd7 15.
a3 c6 16. Nf1 Qf7 17. Qe2 Nc7 18. Ne3 Rae8 19. Qc2 Nh7 20. Re2 h5 21. Rf1 Qg6
22. Ref2 Bc8 23. d5 Bd7 24. Bxg7 Qxg7 25. f4 gxf4 26. Rxf4 cxd5 27. cxd5 Nb5
28. Qe2 Rxf4 29. Rxf4 Rf8 30. Rxf8+ Nxf8 31. a4 Nc3 32. Qxh5 Nh7 33. Qf3 Qd4
34. Nxc3 Qxc3 35. Nf1 Qb4 36. Qe3 Kf7 37. Bf3 Nf6 38. h4 Bf5 39. h5 Bg4 40.
Bxg4 Qxg4 41. Qxa7 Nxh5 42. Qf2+ Ke8 43. Kg2 Nf6 44. Ne3 Qd4 45. Qe2 1/2-1/2

[Event "9. LGA Premium Cup 2012"]
[Site "Nürnberg"]
[Date "2012.09.07"]
[Round "3.14"]
[White "Kordts, Wolfgang"]
[Black "Renner, Christoph"]
[Result "0-1"]
[WhiteElo "2207"]
[BlackElo "2452"]
[PlyCount "60"]
[EventDate "2012.??.??"]
[WhiteTeam "SW Nürnberg Süd e.V."]
[BlackTeam "FC Bayern München e.V."]

1. d4 Nf6 2. c4 d6 3. Nc3 e5 4. Nf3 Nbd7 5. e4 Be7 6. Be2 O-O 7. O-O c6 8. Qc2
a6 9. Rd1 Qc7 10. Bg5 h6 11. Bxf6 Nxf6 12. h3 exd4 13. Nxd4 Re8 14. f4 Bf8 15.
Bf3 Bd7 16. Rd2 Rad8 17. Rad1 Bc8 18. Kh1 g6 19. Nde2 a5 20. b3 Nd7 21. g4 Nc5
22. Kg2 Bg7 23. Ng3 Qe7 24. e5 Ne6 25. exd6 Nxf4+ 26. Kh2 Qh4 27. Bg2 Bxg4 28.
Nce2 Nxg2 29. Kxg2 Qxh3+ 30. Kg1 Bf3 0-1

[Event "9. LGA Premium Cup 2012"]
[Site "Nürnberg"]
[Date "2012.09.07"]
[Round "3.15"]
[White "Frey, Alisa"]
[Black "Wagner, Dennis"]
[Result "0-1"]
[WhiteElo "2005"]
[BlackElo "2445"]
[PlyCount "50"]
[EventDate "2012.??.??"]
[WhiteTeam "SC Eppingen"]
[BlackTeam "SV Hockenheim"]

1. e4 c5 2. Nf3 e6 3. d4 cxd4 4. Nxd4 a6 5. Bd3 Bc5 6. Nb3 Be7 7. Qg4 Bf6 8.
Qe2 Nc6 9. O-O Nge7 10. f4 d6 11. Na3 b5 12. c4 b4 13. Nc2 a5 14. a3 bxa3 15.
Rxa3 a4 16. Nd2 Ng6 17. b4 Nxb4 18. c5 Nxd3 19. Qxd3 dxc5 20. Qf3 Bb7 21. Nc4
O-O 22. Rd1 Qc7 23. Nd6 Rfd8 24. Nxb7 Qxb7 25. Rxd8+ Rxd8 0-1

[Event "9. LGA Premium Cup 2012"]
[Site "Nürnberg"]
[Date "2012.09.07"]
[Round "3.16"]
[White "Köpke, Christian"]
[Black "Epishin, Vladimir"]
[Result "0-1"]
[WhiteElo "2364"]
[BlackElo "2579"]
[PlyCount "86"]
[EventDate "2012.??.??"]
[WhiteTeam "SC Garching 1980 e.V."]
[BlackTeam "Lübecker SV von 1873"]

1. e4 c6 2. d4 d5 3. e5 Bf5 4. h4 a6 5. c4 e6 6. Nc3 h6 7. Be3 dxc4 8. Bxc4 Ne7
9. g4 Bh7 10. h5 Nd5 11. Nxd5 cxd5 12. Bd3 Bxd3 13. Qxd3 Nc6 14. a3 Qb6 15. b4
Qb5 16. Kd2 Na7 17. Ne2 Be7 18. Rhc1 Qxd3+ 19. Kxd3 Kd7 20. Nc3 b5 21. Bd2 Rhb8
22. Rcb1 Rb7 23. f4 Rc8 24. Nd1 Rc6 25. Ne3 Nc8 26. Rc1 Rxc1 27. Rxc1 Nb6 28.
Bc3 Nc4 29. Nc2 f6 30. Rf1 Rb8 31. Ne3 Re8 32. Nxc4 bxc4+ 33. Ke2 Bd8 34. a4
Bb6 35. Rg1 Rf8 36. Ke3 fxe5 37. fxe5 Bd8 38. Ke2 Rf4 39. Rg3 Bb6 40. Rf3 Re4+
41. Kf1 Bxd4 42. Bxd4 Rxd4 43. Rf7+ Kc6 0-1

[Event "9. LGA Premium Cup 2012"]
[Site "Nürnberg"]
[Date "2012.09.07"]
[Round "3.17"]
[White "Siedentopf, Daniel"]
[Black "Braun, Arik"]
[Result "0-1"]
[WhiteElo "2310"]
[BlackElo "2557"]
[PlyCount "102"]
[EventDate "2012.??.??"]
[WhiteTeam "SG Grün-Weiß Dresden"]
[BlackTeam "SC Eppingen"]

1. d4 Nf6 2. c4 c5 3. d5 e6 4. Nc3 exd5 5. cxd5 Bd6 6. Nf3 O-O 7. g3 Bc7 8. Bg2
d6 9. O-O Re8 10. Nd2 Ba5 11. Nc4 Bxc3 12. bxc3 b5 13. Ne3 Nbd7 14. a4 bxa4 15.
Qxa4 Nb6 16. Qc2 Ng4 17. c4 Qf6 18. Bd2 Qd4 19. Rac1 a5 20. h3 Nxe3 21. fxe3
Qe5 22. Rf4 Qg5 23. Kh2 Nd7 24. Rcf1 Ne5 25. Bc3 Ra7 26. Qb3 Qd8 27. Qb8 Qc7
28. Qxc7 Rxc7 29. Bxa5 Ra7 30. Bc3 f6 31. Ra1 Rxa1 32. Bxa1 Ba6 33. Bxe5 Rxe5
34. Kg1 Kf7 35. h4 h6 36. Kf2 g5 37. hxg5 hxg5 38. Rg4 Re8 39. Bf3 Bc8 40. Re4
Rh8 41. g4 Bd7 42. Kg3 Rb8 43. Kf2 Rb1 44. Kg3 Rc1 45. Kf2 Kf8 46. Kg3 Rc3 47.
Kf2 f5 48. Re6 Bxe6 49. dxe6 Rxc4 50. gxf5 Ke7 51. Kg3 Kf6 0-1

[Event "9. LGA Premium Cup 2012"]
[Site "Nürnberg"]
[Date "2012.09.07"]
[Round "3.18"]
[White "Heinig, Wolfram"]
[Black "Ikonnikov, Vyacheslav"]
[Result "0-1"]
[WhiteElo "2304"]
[BlackElo "2525"]
[PlyCount "90"]
[EventDate "2012.??.??"]
[WhiteTeam "SK Zehlendorf e.V."]
[BlackTeam "SF Bad Mergentheim"]

1. Nf3 Nf6 2. c4 e6 3. g3 a6 4. Bg2 b5 5. b3 Bb7 6. O-O c5 7. Bb2 Be7 8. d3 O-O
9. Nbd2 d6 10. e3 Nbd7 11. Qe2 bxc4 12. bxc4 Qc7 13. Bc3 Bc6 14. Rfb1 a5 15.
Ne1 Nb6 16. Bxc6 Qxc6 17. Rb5 Na4 18. Bxa5 Ne8 19. Qf3 d5 20. Qd1 Nd6 21. Qxa4
Nxb5 22. cxb5 Qe8 23. Nb3 Bd8 24. Rb1 Ra7 25. Nxc5 Rxa5 26. Qb3 Be7 27. d4 Qa8
28. Na6 Ra3 29. Qb2 Rc8 30. Nc2 Ra4 31. Qb3 Rac4 32. Ncb4 h5 33. a4 h4 34. gxh4
e5 35. Qd1 exd4 36. exd4 Bf6 37. Qf3 Rxd4 38. Nc6 Rxa4 39. Nc5 Ra1 40. Qd3
Rxb1+ 41. Qxb1 Rxc6 42. bxc6 Qxc6 43. Qb8+ Kh7 44. Qf8 Bd4 45. Nd3 Qg6+ 0-1

[Event "9. LGA Premium Cup 2012"]
[Site "Nürnberg"]
[Date "2012.09.07"]
[Round "3.19"]
[White "Milov, Leonid"]
[Black "Afek, Yochanan"]
[Result "1-0"]
[WhiteElo "2520"]
[BlackElo "2301"]
[PlyCount "55"]
[EventDate "2012.??.??"]
[WhiteTeam "SC Noris-Tarrasch Nürnberg 1873"]
[BlackTeam "Schachverein Castrop-Rauxel 1923"]

1. e4 c5 2. Nf3 Nc6 3. d4 cxd4 4. Nxd4 g6 5. c4 Bg7 6. Be3 Nf6 7. Nc3 O-O 8.
Be2 d6 9. O-O Bd7 10. f3 Qb6 11. Ncb5 a6 12. Nc2 Qa5 13. Nc3 Rfc8 14. a4 Be6
15. Nd5 Nd7 16. Ra2 Bxd5 17. exd5 Nd8 18. b4 Qc7 19. a5 e6 20. f4 exd5 21. Qxd5
Nc6 22. Rd1 Nf6 23. Qd3 Qe7 24. Bf3 d5 25. cxd5 Nxb4 26. d6 Nxd3 27. dxe7 Rc3
28. Ne1 1-0

[Event "9. LGA Premium Cup 2012"]
[Site "Nürnberg"]
[Date "2012.09.07"]
[Round "3.21"]
[White "Maier, Alexander"]
[Black "Gutman, Lev"]
[Result "0-1"]
[WhiteElo "2303"]
[BlackElo "2477"]
[PlyCount "88"]
[EventDate "2012.??.??"]
[WhiteTeam "SK Ingolstadt"]
[BlackTeam "SV Lingen"]

1. e4 c5 2. Nf3 Nc6 3. Bb5 g6 4. O-O Bg7 5. c3 a6 6. Bxc6 dxc6 7. d4 cxd4 8.
cxd4 Nf6 9. Nc3 O-O 10. h3 Ne8 11. Re1 Nd6 12. Bg5 Nb5 13. Nxb5 axb5 14. Qd2
Re8 15. a3 Be6 16. Bh6 Bh8 17. Qf4 f6 18. Rad1 Ra4 19. Qd2 Qd7 20. Re3 Bf7 21.
Bf4 Bg7 22. Qe1 Raa8 23. Rc3 Rad8 24. Rcc1 Qe6 25. Rc3 h6 26. Bc1 f5 27. Ne5
fxe4 28. Bf4 Qf5 29. Bh2 Rf8 30. g4 Qf6 31. Qxe4 Bd5 32. Qc2 Kh7 33. Bg3 Qe6
34. Re3 Bxe5 35. Rxe5 Qf7 36. Rde1 e6 37. R5e3 b6 38. Qc1 g5 39. Qc3 Rd7 40.
Qc2+ Qg6 41. Qc3 h5 42. gxh5 Qxh5 43. Be5 Rdf7 44. Bd6 Rxf2 0-1

[Event "9. LGA Premium Cup 2012"]
[Site "Nürnberg"]
[Date "2012.09.07"]
[Round "3.22"]
[White "Pezerovic, Edin"]
[Black "Safyanowsky, Mark"]
[Result "1/2-1/2"]
[WhiteElo "2459"]
[BlackElo "2249"]
[PlyCount "105"]
[EventDate "2012.??.??"]
[WhiteTeam "Münchener SC 1836 e.V."]
[BlackTeam "SAbt TSV Haunstetten"]

1. d4 d6 2. Nf3 g6 3. e4 Bg7 4. Bc4 Nf6 5. Qe2 O-O 6. O-O Bg4 7. e5 dxe5 8.
dxe5 Nd5 9. Rd1 e6 10. Bb3 Qe7 11. c4 Nb6 12. Bf4 Nc6 13. Nbd2 a5 14. a3 Nd7
15. Qe3 a4 16. Bc2 Ra5 17. b4 axb3 18. Nxb3 Bxf3 19. Nxa5 Nxa5 20. Qxf3 Nxe5
21. Bxe5 Bxe5 22. Rab1 Qh4 23. g3 Qxc4 24. Bd3 Qc3 25. a4 b6 26. Qe2 Bd6 27.
Bb5 Nb7 28. Rbc1 Qf6 29. Rc4 Na5 30. Re4 Nb3 31. Kg2 Nc5 32. Rc4 Ra8 33. Bc6
Ra5 34. Qe3 Kg7 35. Rh4 h5 36. Rc4 Na6 37. Bb5 Nc5 38. Qe2 Nb7 39. Rd3 Nc5 40.
Rf3 Qe5 41. Rcf4 f5 42. Qxe5+ Bxe5 43. Rc4 Bd6 44. Re3 e5 45. f3 Nxa4 46. Bxa4
b5 47. Bxb5 Rxb5 48. Rc2 Kf6 49. Ree2 Rb4 50. Ra2 h4 51. Ra8 hxg3 52. hxg3 Rb3
53. Ra6 1/2-1/2

[Event "9. LGA Premium Cup 2012"]
[Site "Nürnberg"]
[Date "2012.09.07"]
[Round "3.24"]
[White "Zude, Arno"]
[Black "Zimmermann, Ulrich"]
[Result "1-0"]
[WhiteElo "2446"]
[BlackElo "2219"]
[PlyCount "59"]
[EventDate "2012.??.??"]
[WhiteTeam "SV 1920 Hofheim"]
[BlackTeam "SK Bebenhausen 1992"]

1. e4 e6 2. d4 d5 3. Nd2 c5 4. c3 cxd4 5. cxd4 dxe4 6. Nxe4 Bb4+ 7. Nc3 Nc6 8.
Nf3 Nf6 9. Bd3 O-O 10. O-O b6 11. a3 Be7 12. Re1 Bb7 13. Bc2 Rc8 14. Qd3 Re8
15. d5 exd5 16. Bg5 Kf8 17. Bxf6 Bxf6 18. Rxe8+ Kxe8 19. Qxh7 Ne7 20. Re1 Kd7
21. Qh3+ Kc7 22. Qg3+ Kd7 23. Ne5+ Bxe5 24. Qxe5 a6 25. Bf5+ Nxf5 26. Qxf5+ Kc7
27. Qf4+ Kc6 28. Qxf7 Rc7 29. Qg6+ Kd7 30. Qe6# 1-0

[Event "9. LGA Premium Cup 2012"]
[Site "Nürnberg"]
[Date "2012.09.07"]
[Round "3.25"]
[White "Blübaum, Matthias"]
[Black "Wulfmeyer, Johannes"]
[Result "1-0"]
[WhiteElo "2433"]
[BlackElo "2226"]
[PlyCount "53"]
[EventDate "2012.??.??"]
[WhiteTeam "SAbt SV Werder Bremen"]
[BlackTeam "SC Noris-Tarrasch Nürnberg 1873"]

1. d4 Nf6 2. c4 c5 3. d5 e6 4. Nc3 exd5 5. cxd5 d6 6. Nf3 g6 7. Bf4 Bg7 8. Qa4+
Bd7 9. Qb3 Bc8 10. Qb5+ Kf8 11. h3 Na6 12. Qb3 Nc7 13. a4 h6 14. e4 Kg8 15. Bc4
Kh7 16. O-O b6 17. Rad1 Re8 18. Rfe1 g5 19. Bxd6 Qxd6 20. e5 Qd8 21. d6 Ng8 22.
dxc7 Qxc7 23. Bxf7 Rf8 24. Bxg8+ Rxg8 25. Nd5 Qb7 26. Nf6+ Bxf6 27. exf6 1-0

[Event "9. LGA Premium Cup 2012"]
[Site "Nürnberg"]
[Date "2012.09.07"]
[Round "3.26"]
[White "Kannenberg, Karl-Heinz"]
[Black "Svane, Rasmus"]
[Result "0-1"]
[WhiteElo "2199"]
[BlackElo "2397"]
[PlyCount "58"]
[EventDate "2012.??.??"]
[WhiteTeam "SC Kitzingen von 1905"]
[BlackTeam "Hamburger SK von 1830 eV"]

1. d4 d5 2. Nf3 Nf6 3. e3 c5 4. c3 Nc6 5. Nbd2 cxd4 6. exd4 Bf5 7. Nh4 Bd7 8.
Nhf3 e6 9. Bd3 Bd6 10. O-O O-O 11. Re1 Qc7 12. Qe2 Rab8 13. Ne5 b5 14. Nxd7
Qxd7 15. a3 Rfe8 16. Nf3 e5 17. dxe5 Nxe5 18. Be3 Nc4 19. Qc2 Nxe3 20. Rxe3
Rxe3 21. fxe3 Bc5 22. Nd4 Qc7 23. Qe2 Bd6 24. g3 Bxg3 25. Nxb5 Qe5 26. Rf1 Rb6
27. Rf5 Bxh2+ 28. Kh1 Qg3 29. Rf3 Qg1# 0-1

[Event "9. LGA Premium Cup 2012"]
[Site "Nürnberg"]
[Date "2012.09.07"]
[Round "3.27"]
[White "Klek, Hanna Marie"]
[Black "Zelbel, Patrick"]
[Result "1/2-1/2"]
[WhiteElo "2214"]
[BlackElo "2368"]
[PlyCount "60"]
[EventDate "2012.??.??"]
[WhiteTeam "SC Erlangen 48/88 e.V."]
[BlackTeam "Schachclub Hansa Dortmund e.V."]

1. Nf3 c5 2. c4 g6 3. Nc3 Bg7 4. d4 d6 5. d5 e6 6. g3 Nf6 7. Bg2 exd5 8. cxd5
O-O 9. O-O a6 10. a4 Nbd7 11. Bf4 Qe7 12. Qc2 Rb8 13. a5 Ng4 14. e4 Nde5 15.
Ne1 f5 16. f3 Nf6 17. Qc1 Nh5 18. Bg5 Qe8 19. exf5 gxf5 20. Bh6 Qg6 21. Bxg7
Qxg7 22. f4 Ng4 23. Nf3 Bd7 24. Qd2 b5 25. axb6 Rxb6 26. Rfe1 Rfb8 27. Ra2 h6
28. Re2 Ngf6 29. Qe1 Kf8 30. Nh4 Re8 1/2-1/2

[Event "9. LGA Premium Cup 2012"]
[Site "Nürnberg"]
[Date "2012.09.07"]
[Round "3.29"]
[White "Pähtz, Thomas"]
[Black "Neumann, Robert"]
[Result "1-0"]
[WhiteElo "2430"]
[BlackElo "1875"]
[PlyCount "67"]
[EventDate "2012.??.??"]
[WhiteTeam "ESV Lok Sömmerda"]
[BlackTeam "SC Noris-Tarrasch Nürnberg 1873"]

1. e4 c5 2. Nf3 Nc6 3. d4 cxd4 4. Nxd4 g6 5. c4 Bg7 6. Be3 Nf6 7. Nc3 Ng4 8.
Qxg4 Nxd4 9. Qd1 Ne6 10. Rc1 Qa5 11. Be2 b6 12. O-O Bb7 13. f3 g5 14. Rf2 h5
15. Bf1 Rc8 16. Nb5 Bc6 17. a4 Qa6 18. c5 Qb7 19. cxb6 axb6 20. Bc4 Bf6 21.
Rfc2 Rd8 22. Nc3 Rg8 23. b3 g4 24. Nd5 Bxd5 25. exd5 Nc5 26. Rf2 d6 27. Bb5+
Kf8 28. b4 Nd7 29. f4 h4 30. Rfc2 Nb8 31. Rc7 Qa8 32. Qd3 Rh8 33. Bxb6 e6 34.
dxe6 1-0

[Event "9. LGA Premium Cup 2012"]
[Site "Nürnberg"]
[Date "2012.09.07"]
[Round "3.30"]
[White "Dehlinger, Alexander"]
[Black "Meinhardt, Maximilian"]
[Result "0-1"]
[WhiteElo "2177"]
[BlackElo "2397"]
[PlyCount "66"]
[EventDate "2012.??.??"]
[WhiteTeam "SC Garching 1980 e.V."]
[BlackTeam "SC 1934 Viernheim"]

1. Nf3 d5 2. d4 e6 3. c4 c5 4. cxd5 exd5 5. g3 Nc6 6. Bg2 Nf6 7. O-O Be7 8. Nc3
O-O 9. dxc5 d4 10. Na4 Bf5 11. b3 Be4 12. Bb2 Qd5 13. Rc1 Rad8 14. Ne1 Rfe8 15.
f3 Bf5 16. Nd3 Qe6 17. Ra1 Nd5 18. Bc1 Bf6 19. Rf2 Nc3 20. Qd2 Nxe2+ 21. Kf1
Bxd3 22. Qxd3 Nxg3+ 23. Kg1 Ne2+ 24. Kf1 Nc3 25. Bf4 Nb4 26. Qd2 Nbd5 27. Bg3
h5 28. Re1 Qf5 29. Rxe8+ Rxe8 30. Kg1 h4 31. Bd6 h3 32. Bf1 Bg5 33. f4 Bh4 0-1

[Event "9. LGA Premium Cup 2012"]
[Site "Nürnberg"]
[Date "2012.09.07"]
[Round "3.31"]
[White "Reich, Thomas"]
[Black "Nuding, Matthias"]
[Result "1-0"]
[WhiteElo "2382"]
[BlackElo "2182"]
[PlyCount "89"]
[EventDate "2012.??.??"]
[WhiteTeam "FC Bayern München e.V."]
[BlackTeam "SC Noris-Tarrasch Nürnberg 1873"]

1. d4 d5 2. Bf4 Nf6 3. e3 c5 4. c3 Nc6 5. Nd2 Qb6 6. Qb3 c4 7. Qc2 g6 8. h3 Bf5
9. Qc1 h5 10. Ngf3 Qd8 11. Be2 Bg7 12. b3 cxb3 13. axb3 Rc8 14. Qa3 O-O 15. O-O
a6 16. Rfc1 Ne4 17. Nxe4 Bxe4 18. b4 Bxf3 19. Bxf3 e5 20. Bh2 e4 21. Be2 Qb6
22. Qa4 Na7 23. Qa5 Qe6 24. b5 Nxb5 25. Bxb5 axb5 26. Qxb5 b6 27. Bg3 Rc6 28.
Ra6 Bf6 29. c4 Rfc8 30. Rb1 Rxc4 31. Rxb6 R4c6 32. Rxc6 Rxc6 33. Qb8+ Rc8 34.
Qb7 h4 35. Bd6 Rc2 36. Qb3 Rc6 37. Bc5 Be5 38. Qb7 Bd6 39. Rb5 Bxc5 40. Rxc5
Rd6 41. Qb8+ Kg7 42. Rc8 Kf6 43. Rh8 Rb6 44. Qd8+ Kg7 45. Rxh4 1-0

[Event "9. LGA Premium Cup 2012"]
[Site "Nürnberg"]
[Date "2012.09.07"]
[Round "3.32"]
[White "Nabavi, Parwis"]
[Black "Eisenbeiser, Amadeus"]
[Result "1/2-1/2"]
[WhiteElo "2181"]
[BlackElo "2378"]
[PlyCount "160"]
[EventDate "2012.??.??"]
[WhiteTeam "SGEM Dreisamtal"]
[BlackTeam "BG Buchen"]

1. d4 f5 2. g3 Nf6 3. Bg2 g6 4. Nf3 Bg7 5. O-O O-O 6. c4 d6 7. Nc3 Qe8 8. d5
Na6 9. Rb1 Nc5 10. Nd4 a5 11. b3 Bd7 12. e3 c6 13. Bb2 h6 14. f4 e5 15. dxe6
Bxe6 16. Re1 Bd7 17. Qc2 Qf7 18. Rbd1 Rad8 19. h3 Rfe8 20. Kh2 Bc8 21. Qc1 Nfe4
22. Nxe4 fxe4 23. Qc2 Nd3 24. Rxd3 exd3 25. Qxd3 d5 26. c5 Bf5 27. Qd2 Be4 28.
Bf1 Qe7 29. Rc1 Ra8 30. Rc3 Kh7 31. Rc1 Qd7 32. Bc3 a4 33. b4 Re7 34. a3 Rae8
35. Re1 Kg8 36. Qd1 h5 37. h4 Ra8 38. Bh3 Qe8 39. Qd2 Qf7 40. Qd1 Bf5 41. Bg2
Qe8 42. Qd2 Qd7 43. Qd1 Rae8 44. Qd2 Ra8 45. Qd1 Be4 46. Bh3 Qe8 47. Qd2 b6 48.
cxb6 Rb8 49. Qd1 Rxb6 50. Qxa4 Bd3 51. Qd1 Be4 52. a4 c5 53. bxc5 Rb1 54. Qd2
Rxe1 55. Qxe1 Qxa4 56. Qd2 Qc4 57. c6 Ra7 58. Ba5 Bxd4 59. exd4 Rxa5 60. Qxa5
Qe2+ 61. Kg1 Qe3+ 62. Kf1 Qf3+ 63. Ke1 Qxg3+ 64. Kd1 Qd3+ 65. Ke1 Qe3+ 66. Kd1
Qf3+ 67. Kc1 Qh1+ 68. Kb2 Qh2+ 69. Ka1 Qg1+ 70. Ka2 Qb1+ 71. Ka3 Qa1+ 72. Kb4
Qxd4+ 73. Ka3 Qa1+ 74. Kb4 Qd4+ 75. Ka3 Qd3+ 76. Kb4 Qc4+ 77. Ka3 Qc1+ 78. Kb4
Qc4+ 79. Ka3 Qd3+ 80. Kb4 Qc4+ 1/2-1/2

[Event "9. LGA Premium Cup 2012"]
[Site "Nürnberg"]
[Date "2012.09.07"]
[Round "3.34"]
[White "Miller, Eduard"]
[Black "Troyke, Christian"]
[Result "0-1"]
[WhiteElo "2147"]
[BlackElo "2353"]
[PlyCount "64"]
[EventDate "2012.??.??"]
[WhiteTeam "SC Forchheim e.V."]
[BlackTeam "Erfurter Schachklub"]

1. d4 g6 2. c4 Nf6 3. f3 Bg7 4. e4 O-O 5. Nc3 d6 6. Be3 c5 7. Nge2 Nc6 8. d5
Ne5 9. Ng3 e6 10. Be2 exd5 11. cxd5 a6 12. a4 h5 13. O-O Nh7 14. Qd2 h4 15. Nh1
f5 16. Nf2 Bd7 17. Nh3 Qa5 18. Nf4 fxe4 19. fxe4 Ng5 20. Ne6 Nxe6 21. dxe6 Bxe6
22. Qxd6 Rfe8 23. Rac1 Rad8 24. Qxc5 Qxc5 25. Bxc5 Rd2 26. Ba3 Rc8 27. Rcd1 Rc2
28. Rf2 Bh6 29. Bc4 Nxc4 30. Rxc2 Nxa3 31. bxa3 Bb3 32. Rf2 Rxc3 0-1

[Event "9. LGA Premium Cup 2012"]
[Site "Nürnberg"]
[Date "2012.09.07"]
[Round "3.36"]
[White "Schäfer, Annabelle"]
[Black "Schellmann, Frank"]
[Result "0-1"]
[WhiteElo "1904"]
[BlackElo "2120"]
[PlyCount "52"]
[EventDate "2012.??.??"]
[WhiteTeam "Sfr.1891 Friedberg"]
[BlackTeam "Deutscher Blinden- und Sehbehind"]

1. e4 e5 2. Nf3 Nc6 3. Bc4 Nf6 4. d3 Be7 5. c3 O-O 6. Bb3 d6 7. Nbd2 Na5 8. Bc2
c5 9. Qe2 Nc6 10. h3 Qc7 11. Nf1 d5 12. g4 Be6 13. Ng3 Rfe8 14. Nf5 Bf8 15. Bg5
Nd7 16. h4 b5 17. b3 dxe4 18. dxe4 c4 19. Bd2 Nc5 20. Rb1 a5 21. Ne3 cxb3 22.
axb3 b4 23. g5 Rad8 24. c4 Nd4 25. Qd1 Qd6 26. Bc1 a4 0-1

[Event "9. LGA Premium Cup 2012"]
[Site "Nürnberg"]
[Date "2012.09.07"]
[Round "3.40"]
[White "Wolter, Jens"]
[Black "Seyb, Alexander"]
[Result "1/2-1/2"]
[WhiteElo "2102"]
[BlackElo "2313"]
[PlyCount "52"]
[EventDate "2012.??.??"]
[WhiteTeam "SC Garching 1980 e.V."]
[BlackTeam "SC Forchheim e.V."]

1. e4 c5 2. Nf3 d6 3. Bb5+ Nd7 4. O-O Ngf6 5. Re1 a6 6. Bf1 b6 7. c3 Bb7 8. d3
g6 9. h3 Bg7 10. Be3 O-O 11. Nbd2 Qc7 12. Rc1 Rfe8 13. Qc2 Rac8 14. Qb1 e5 15.
c4 Nh5 16. Qc2 Nf4 17. Nb1 Ne6 18. Nc3 Nd4 19. Qd1 Qb8 20. Nd5 b5 21. b3 Nf6
22. Nxd4 cxd4 23. Nxf6+ Bxf6 24. Bd2 Bc6 25. g3 bxc4 26. bxc4 Qc7 1/2-1/2

[Event "9. LGA Premium Cup 2012"]
[Site "Nürnberg"]
[Date "2012.09.07"]
[Round "3.41"]
[White "Troyke, Doreen"]
[Black "Heidrich, Manfred"]
[Result "1/2-1/2"]
[WhiteElo "2100"]
[BlackElo "2309"]
[PlyCount "44"]
[EventDate "2012.??.??"]
[WhiteTeam "Erfurter Schachklub"]
[BlackTeam "SC Forchheim e.V."]

1. c4 f5 2. g3 Nf6 3. Bg2 g6 4. Nc3 Bg7 5. e3 d6 6. Nge2 O-O 7. O-O e5 8. d3 c6
9. Rb1 Nbd7 10. b4 Kh8 11. Qc2 Qe7 12. b5 c5 13. e4 Ng8 14. Nd5 Qd8 15. f4 Ne7
16. Nec3 Nxd5 17. Nxd5 Nf6 18. Nxf6 Bxf6 19. Be3 Qc7 20. Qe2 Be6 21. Kh1 Rae8
22. Rbe1 Bc8 1/2-1/2

[Event "9. LGA Premium Cup 2012"]
[Site "Nürnberg"]
[Date "2012.09.07"]
[Round "3.42"]
[White "Hecht, Carsten"]
[Black "Nuber, Korbinian"]
[Result "0-1"]
[WhiteElo "2094"]
[BlackElo "2302"]
[PlyCount "100"]
[EventDate "2012.??.??"]
[WhiteTeam "Schachklub Blauer Springer Pader"]
[BlackTeam "SC Dillingen"]

1. e4 e6 2. d4 d5 3. e5 c5 4. c3 Nc6 5. Nf3 Qb6 6. a3 a5 7. Bd3 Nh6 8. O-O cxd4
9. cxd4 Nf5 10. Bxf5 exf5 11. Nc3 Be6 12. Qd3 h6 13. Be3 Be7 14. Rac1 a4 15.
Rc2 Qa6 16. Qd1 O-O 17. Bd2 Rfc8 18. Na2 Qb6 19. Bc3 Na5 20. Nd2 Nb3 21. Nf3
Rc4 22. Nc1 Rac8 23. Ne2 Qc7 24. Ne1 b5 25. f4 Qa7 26. Rf3 Na5 27. Rd3 Nc6 28.
Rc1 Qb6 29. Nc2 b4 30. axb4 Nxb4 31. Nxb4 Bxb4 32. Qd2 Be7 33. Kf2 Bd7 34. Re3
g6 35. Rf3 Bb5 36. Re3 R4c6 37. Ke1 Bxe2 38. Kxe2 Qb3 39. Qc2 Qa2 40. Qd2 Bb4
41. Rd3 a3 42. bxa3 Qxa3 43. Bxb4 Qxc1 44. Qxc1 Rxc1 45. Bd2 R1c2 46. Kd1 Ra2
47. g3 Ra1+ 48. Ke2 Rh1 49. h4 Rh2+ 50. Ke3 Rc2 0-1

[Event "9. LGA Premium Cup 2012"]
[Site "Nürnberg"]
[Date "2012.09.07"]
[Round "3.43"]
[White "Hirschberg, Valerian"]
[Black "Krah, Michael"]
[Result "1-0"]
[WhiteElo "2292"]
[BlackElo "2091"]
[PlyCount "143"]
[EventDate "2012.??.??"]
[WhiteTeam "Karlsruher SF 1853"]
[BlackTeam "SV Alsfeld"]

1. Nf3 d6 2. g3 e5 3. c4 Nc6 4. Nc3 Be6 5. d3 Qd7 6. Ng5 Nf6 7. Nxe6 fxe6 8.
Bg2 Be7 9. Rb1 O-O 10. O-O Nd8 11. b4 c6 12. b5 d5 13. Qa4 Bc5 14. Ba3 Qd6 15.
Bxc5 Qxc5 16. bxc6 bxc6 17. Qb4 Qd4 18. cxd5 Qxb4 19. Rxb4 cxd5 20. Bh3 Rc8 21.
Rb3 g5 22. Rfb1 g4 23. Bf1 Rf7 24. a4 Rd7 25. Nb5 Ne8 26. h3 gxh3 27. Bxh3 Kf7
28. Rc3 Rxc3 29. Nxc3 Rb7 30. Rxb7+ Nxb7 31. f4 Kf6 32. f5 exf5 33. Nxd5+ Kg5
34. Ne7 Ned6 35. Nc6 e4 36. d4 a5 37. Ne5 Nc8 38. Nd7 Ncd6 39. Nb6 h5 40. e3 h4
41. Kf2 Nd8 42. Bf1 Ne6 43. Nd5 Ne8 44. gxh4+ Kxh4 45. Bb5 Nd6 46. Bd7 Nf8 47.
Bc6 Ne6 48. Ne7 Nf8 49. Bd5 Kg5 50. Nc6 Nb7 51. Bc4 Nd6 52. Nxa5 f4 53. Bd5 Nd7
54. Nb7 Nf5 55. Bxe4 fxe3+ 56. Ke2 Nxd4+ 57. Kxe3 Ne6 58. a5 Nb8 59. Kd3 Kf4
60. Bd5 Ke5 61. Kc4 Nc7 62. Bg8 Nba6 63. Kd3 Nd5 64. Kc4 Ndc7 65. Bf7 Kf6 66.
Bd5 Ke5 67. Bc6 Ke6 68. Bb5 Nb8 69. Kc5 Nxb5 70. Kxb5 Kd7 71. Kb6 Kc8 72. Nc5
1-0

[Event "9. LGA Premium Cup 2012"]
[Site "Nürnberg"]
[Date "2012.09.07"]
[Round "3.44"]
[White "Hörmann, Gunther"]
[Black "Menacher, Manfred"]
[Result "0-1"]
[WhiteElo "2080"]
[BlackElo "2288"]
[PlyCount "48"]
[EventDate "2012.??.??"]
[WhiteTeam "TSV Cadolzburg e.V."]
[BlackTeam "TSV Wacker Neutraubling"]

1. d4 Nf6 2. Nf3 g6 3. Nbd2 Bg7 4. e3 O-O 5. Bd3 d6 6. b4 Nd5 7. c3 c5 8. Qb3
Nc7 9. e4 cxd4 10. cxd4 Nc6 11. Bb2 Ne6 12. d5 Ncd4 13. Qa3 Nxf3+ 14. Nxf3 Bxb2
15. Qxb2 Nf4 16. Qd2 Nxg2+ 17. Kf1 Bh3 18. Ng5 Qd7 19. Kg1 Nh4 20. Qe3 Qg4+ 21.
Qg3 Qxg5 22. f4 Qf6 23. e5 dxe5 24. Qxh3 e4 0-1